| 000 | 01336nam0a22002891 4500 | ||
|---|---|---|---|
| 001 | rc\567191 | ||
| 005 | 20260407015718.0 | ||
| 010 |
_a5-376-00361-2 _9400 |
||
| 035 | _a(NLR Aleph) 005801794 | ||
| 090 |
_a5304506 _c5304506 |
||
| 100 | _a20030616d1988 |||y0rusy50 ca | ||
| 101 | 0 | _arus | |
| 102 | _aRU | ||
| 105 | _aa ||||||||| | ||
| 200 | 1 |
_aНеблагоприятные гидрологические процессы в Молдавии _f[В.В. Сластихин, Х.П. Богданов, Д.М. Рошкован и др.] _gПод ред. В.В. [!С.] Снегового _gАН МССР, Ин-т геофизики и геологии, Науч. совет по пробл. "Мелиорация" |
|
| 210 |
_aКишинев _cШтиинца _d1988 |
||
| 215 |
_a68, [2] с. _cграф. _d22 |
||
| 300 | _aАвт. указаны на обороте тит. л. | ||
| 320 | _aБиблиогр.: с. 64-69 (77 назв.) | ||
| 701 | 1 |
_aСластихин _bВ.В. _gВладимир Владимирович |
|
| 702 | 1 |
_aСнеговой _bВ.С. _gВладимир Семенович _4340 |
|
| 712 | 0 | 2 |
_aИнститут геофизики и геологии _cКишинев _3RU\NLR\AUTH\8810004282 _9505865 |
| 801 | 0 |
_aRU _bNLR _gpsbo |
|
| 801 | 1 |
_aRU _bELAR _2rusmarc |
|
| 852 |
_aNLR _j88-6/1946 |
||
| 942 | _cBOOK | ||
| 980 | _aNB | ||